| 000 | 007340000a22001810004500 | ||
|---|---|---|---|
| 090 | _aG 171 O654c | ||
| 100 | 1 | _aJacinto Ordóñez Peñalonso | |
| 245 | 1 | 0 | _aEl concepto de responsabilidad en la ética de Dietrich Bonhoffer / Jacinto Ordóñez Peñalonso |
| 260 | _aSan José, Costa Rica : Ciudad Universitaria "Rodrigo Facio" | ||
| 300 | _a307 Pag. | ||
| 505 | 0 | 0 | _ael compromiso de un hombre responsable -- hacia una ética de la responsabilidad -- fundamentación crítica del concepto de responsabilidad |
| 650 | 1 | 4 | _aBONHOEFFER, DIETRICH, 1906-1945 \ ETICA \ RESPONSABILIDAD |
| 001 | 1137 | ||
| 942 | _cBK | ||
| 999 |
_c32474 _d32474 |
||
| 336 |
_atexto _btxt _2rdacontent |
||
| 337 |
_2rdamedia _asin mediación _bn |
||
| 338 |
_2rdacarrier _avolumen _bnc |
||